000 00750nam a2200253Ia 4500
003 OSt
005 20220918171501.0
006 a|||||r|||| 00| 0
007 ta
008 220917b |||||||| |||| 00| 0 eng d
020 _a9781844650811 (pbk)
_c1155.12
024 _a239,948
037 _b05271, 29/09/2009, Atlantic Publisher & Dist.Pvt.Ltd.
_cTextual
040 _aARTS
_cARTS
_beng
041 _2eng
_aeng
082 _aW:5, P8
100 _aIvison Duncan
_936893
245 0 _aRights
260 _aStocksfield
_bAcumen
_c2008
300 _aviii,288p.
_ccm.
650 _aPOLITICAL SCIENCE
942 _hW:5, P8
_cTEXL
_2CC
999 _c139782
_d139782